The Adhesion of polyester textile to rubber (Record no. 70457)

MARC details
000 -LEADER
fixed length control field 00430nam a2200169Ia 4500
100 ## - MAIN ENTRY--AUTHOR NAME
Personal name Yuexian Song
245 #4 - TITLE STATEMENT
Title The Adhesion of polyester textile to rubber
260 ## - PUBLICATION, DISTRIBUTION, ETC. (IMPRINT)
Name of publisher Indian Rubber and Plastics Age
Year of publication 2004
300 ## - PHYSICAL DESCRIPTION
Number of Pages 16-17
650 ## - SUBJECT ADDED ENTRY--TOPICAL TERM
Topical Term Adhesion
650 ## - SUBJECT ADDED ENTRY--TOPICAL TERM
Topical Term Carbob black filler
650 ## - SUBJECT ADDED ENTRY--TOPICAL TERM
Topical Term RFL
700 ## - ADDED ENTRY--PERSONAL NAME
Personal name Chuanxiang Xu
700 ## - ADDED ENTRY--PERSONAL NAME
Personal name Youdao Wang
942 ## - ADDED ENTRY ELEMENTS (KOHA)
Koha item type Journals
Holdings
Withdrawn status Lost status Damaged status Not for loan Home library Current library Shelving location Date acquired Serial Enumeration / chronology Koha item type
      Journals RRII Library RRII Library Rubber chemistry 17/12/2021 Volume 40, Issue 3 Journals